| 000 | 00745nam a2200241 a 4500 | ||
|---|---|---|---|
| 001 | 54426 | ||
| 003 | BD-RjUL | ||
| 005 | 20211209080122.0 | ||
| 008 | 161106s1963 enk||||| |||| 001 0 eng d | ||
| 035 | _a(BD-RjUL) 54548 | ||
| 040 |
_dBD-RjUL _aBD-RjUL _beng _cBD-RjUL |
||
| 041 | _aeng | ||
| 082 |
_223 _a821.7 _bROR 1963 |
||
| 100 | 1 |
_aRodway, Allan Edwin. _9162427 |
|
| 245 | 1 | 4 |
_aThe romantic conflict / _cAllan Rodway |
| 260 |
_aLondon : _bChatto & Windus, _c1963 |
||
| 300 |
_ax, 256 p. ; _c23 cm |
||
| 500 | _aIncludes index | ||
| 650 | 0 |
_aRomanticism _zEngland _9162428 |
|
| 650 | 0 |
_aEnglish poetry _y18th century _xHistory and criticism _9162429 |
|
| 650 | 0 |
_aEnglish poetry _y19th century _xHistory and criticism _9161376 |
|
| 942 |
_2ddc _cBK |
||
| 999 |
_c54426 _d54426 |
||